000 00312nam a2200133Ia 4500
100 _aMoseley/L.E./ Boodey/D.M.
942 _cBK
654 _aComputer
245 _aMastering MS-Office Professional for Windows 95
260 _bB.P.B.
_aNew Delhi
_c1996
300 _a1082
546 _aENGLISH
999 _c21028
_d21028